Alphabetically Adjacent Asian Countries Quiz Stats

 Plays Quiz Updated Apr 29, 2017

Support Sporcle.
Go Orange.
Score 0/49 Timer 02:00
1 Play Today
Country % Correct
Georgia
97.8%
Cambodia
97.2%
China
97.1%
Indonesia
95.7%
Israel
94.3%
Japan
94.2%
Jordan
94%
India
93.2%
Yemen
91.4%
North Korea
91.4%
Oman
90.9%
Russia
89.4%
Saudi Arabia
89.4%
Armenia
89.2%
Nepal
88.8%
Qatar
88.8%
Vietnam
88.7%
Afghanistan
88.4%
Singapore
88.4%
South Korea
88%
Iran
87.8%
Iraq
87.8%
Lebanon
87.7%
Myanmar
87.4%
Uzbekistan
87.3%
Country % Correct
Sri Lanka
87.2%
Kyrgyzstan
85.6%
Pakistan
85.4%
Laos
85.4%
Tajikistan
85.2%
Timor-Leste
85%
Maldives
84.6%
Bhutan
84%
Bangladesh
83.5%
Palestine
83.5%
Kazakhstan
83.2%
Mongolia
82.7%
Azerbaijan
82.5%
Thailand
82.2%
Brunei
82.1%
Bahrain
81.5%
Turkmenistan
81.2%
Philippines
79.5%
Kuwait
79.5%
Malaysia
78.7%
Syria
78.4%
Turkey
78.1%
Taiwan
78%
United Arab Emirates
77.9%

You're not logged in!

Compare scores with friends on all Sporcle quizzes.
OR
Log In
Forgot?

From the Vault

Harry Potter Sevens

by Austentatious

This quiz brought to you by David Fincher.
Remove Ads.
Support Sporcle.
Get the best of Sporcle when you Go Orange. This ad-free experience offers more features, more stats, and more fun while also helping to support Sporcle. Thank you for becoming a member.

Show Comments

Extras

Top Quizzes Today


Score Distribution

Your Account Isn't Verified!

In order to create a playlist on Sporcle, you need to verify the email address you used during registration. Go to your Sporcle Settings to finish the process.

Report this User

Report this user for behavior that violates our Community Guidelines.

Details: